000 00684nam a22001937a 4500
003 ASAB
005 20240701142013.0
008 170711b xxu||||| |||| 00| 0 eng d
040 _cASAB
082 _a200
100 _aFahed Parvaiz
_93233
245 _aRole of Hepatitis-C virus non structural proteins in the induction of insulin resistance/
_cFahed Parvaiz-sup-Dr. Sobia Manzoor
260 _aIslamabad.
_bAtta-ur-rahman School of Applied Biosciences NUST.
_c2014
300 _a162 P
600 _xPhD- Healthcare Biotechnology
_9123893
700 _aSupervisor:Dr. Sobia Manzoor
_9123924
856 _uhttp://10.250.8.41:8080/xmlui/handle/123456789/27721
942 _2ddc
_cSC
999 _c330428
_d330428